Lectures from Markov Processes to Brownian Motion

Αποθηκεύτηκε σε:
Λεπτομέρειες βιβλιογραφικής εγγραφής
Κύριος συγγραφέας: Chung, Kai Lai 1917-
Μορφή: Βιβλίο
Γλώσσα:English
Δημοσίευση: New York : Springer-Verlag, 1982
Σειρά:Grundlehren der mathematischen wissenschaften ; ; 249
Θέματα:
Ετικέτες: Προσθήκη ετικέτας
Δεν υπάρχουν, Καταχωρήστε ετικέτα πρώτοι!

MARC

LEADER 00000nam a2200000 i 4500
001 1/28289
008 960529s1982 eng d
020 |a 0-387-90618-5 
035 |a 1995  |l 10038038 
040 |a GR-MY-UA  |b gre  |e aacr 
041 0 |a eng 
082 0 |a 519.233 
100 1 |a Chung, Kai Lai  |d 1917- 
245 1 0 |a Lectures from Markov Processes to Brownian Motion /  |c Kai Lai Chung 
260 |a New York :   |b Springer-Verlag,   |c 1982 
300 |a 239 p.;  |c 24 cm. 
490 1 |a Grundlehren der mathematischen Wissensschaften  |v ; 249 
500 |a Includes bibliographical references and index 
650 0 0 |a Markov processes. 
650 0 0 |a Brownian motion processes. 
830 0 |a Grundlehren der mathematischen wissenschaften ;  |v ; 249 
852 |a INST  |b SAMOS  |e 19960529  |h 519.233 CHU  |p 005300005137  |q 005300005137  |t BK  |y 0 
909 |a Σ  |b 039311